Estadísticas para Primeras 5 Capitales Alfabéticamente por Continente

Haz click aquí para intentar la prueba.

Estadísticas generales

  • Esta prueba ha sido intentada 127 veces
  • La puntuación promedio es 14 de 30

Estadísticas de respuestas

ContinenteCapital% Correcto
América del SurBuenos Aires
83%
América del SurBrasilia
82%
América del SurAsunción
74%
América del SurBogotá
74%
América del SurCaracas
74%
EuropaÁmsterdam
71%
EuropaBerlín
70%
OceaníaCanberra
66%
EuropaAndorra la Vieja
62%
EuropaAtenas
62%
ÁfricaArgel
56%
ÁfricaAntananarivo
55%
AsiaAnkara
48%
ÁfricaAdís Abeba
47%
ÁfricaAbuya
40%
OceaníaApia
40%
ÁfricaAcra
39%
AsiaAmán
39%
América del NorteBelmopán
39%
AsiaAbu Dabi
36%
AsiaAsjabad
32%
EuropaBelgrado
30%
América del NorteBridgetown
30%
OceaníaHoniara
30%
América del NorteCastries
29%
América del NorteCiudad de
Guatemala
26%
América del NorteBasseterre
25%
OceaníaFunafuti
25%
OceaníaMajuro
19%
AsiaBagdad
17%

Distribución de puntuación

Porcentaje por número respondido

Porcentaje de gente con cada puntuación

Historial de tus puntuaciones

No has intentado esta prueba.